000 00821nam a2200229 a 4500
001 78441
003 BD-RjUL
005 20211209083129.0
008 200923s2010 bg b b 00010dara d
035 _a(BD-RjUL)78667
040 _aCtY
_cCtY
_dUkOxU
_beng
041 _aara
066 _c(3
082 _223
_a892.7109
_bMAH 2010
100 1 _aمسود, افتخرل العالم ;; Masud, Iftikharrul Alam
_9248319
245 1 0 _aحسان بن ثابت : ;; Ḥassān ibn Thābit :
_bحياته وشعره / ;; ḥayātuhu wa-shiʿruh /
_cافتخرل العالم مسود , ;; Iftikharul Alam Masud
260 _abangladesh :
_bCIERP,
_c2000
300 _a300 p. :
_bmap. ;
_c24 cm.
504 _aIncludes bibliographical references (p. 224-229)
600 0 0 _aḤassān ibn Thābit,
_d-674.
_9248321
942 _2ddc
_cBK
999 _c78441
_d78441